000 00672nam a2200217Ia 4500
003 GCL
008 140319s9999 xx 000 0 ara d
040 _aGCL /
_cGCL
082 0 4 _aط
_b603
_bا م
100 1 _aاحمد شفيق الخطيب
245 1 0 _aالموسوعة العلمية الميسرة /
_cاحمد شفيق الخطيب
260 _a[S.N] :
_bمكتبة لبنان ،
_c1985
300 _a283 ص
490 _a
650 0 4 _aدوائر المعارف
650 0 4 _aالاطفال
650 0 4 _aدوائر المعارف العربية
650 0 4 _aالعلوم
650 0 4 _aدوائر التليفزيون المغلقة
942 _2ddc
_cBK
999 _c32722
_d32722